Michel Foucault : un ritratto critico /

Guardat en:
Dades bibliogràfiques
Autor principal: Ruini, Andrea (Autor)
Format: Llibre
Idioma:italià
Publicat: Firenze : Clinamen, 2007
Col·lecció:Philosophia ; 13
Etiquetes: Afegir etiqueta
Sense etiquetes, Sigues el primer a etiquetar aquest registre!

MARC

LEADER 00000nam a22000007i 4500
001 IT\ICCU\MOD\1416693
003 ItRI
005 20260115231942.0
008 071002s2007 it |||||| ||||| |||||c
020 |a 8884101131 
020 |a 9788884101136 
040 |b ita  |c importazione bologna sebina 
041 7 |a ita  |2 ISO-639-2 
100 1 |a Ruini, Andrea  |0 IT\ICCU\CFIV\113340  |4 aut 
245 1 0 |a Michel Foucault :  |b un ritratto critico /  |c Andrea Ruini. 
260 |a Firenze :  |b Clinamen,  |c 2007 
300 |a 288 p. ;  |c 21 cm. 
830 0 |a Philosophia ;  |v 13  |0 IT\ICCU\CFI\0475604 
942 |2 ddc  |c BK  |n 0 
952 |0 0  |1 0  |4 0  |6 DOC_194_000000000000000_RUI  |7 0  |9 17682  |a BO  |b BO  |d 2026-01-15  |i 12215  |l 0  |o DOC 194 RUI  |p BO12215  |r 2026-01-15 23:19:42  |w 2026-01-15  |x [Sebina 5] [1 v.]  |y BK  |z 1 v. 
999 |c 15059  |d 15059